| 000 | 00648nam a2200169 a 4500 | ||
|---|---|---|---|
| 005 | 20240924064331.0 | ||
| 008 | 991125s1958 ea 000 0 spa u | ||
| 035 | _aUPN01000017291 | ||
| 049 | _aF | ||
| 050 | 4 |
_aLB2806 _bU5.4 |
|
| 110 | 2 |
_aUNESCO. _bSeminario Interamericano sobre Planeamiento Integral de la Educación |
|
| 245 | 1 | 3 |
_aLa educación comparada como instrumento del planeamiento : _btema 2.8 de la agenda / _cUNESCO, Seminario Interamericano sobre Planeamiento Integral de la Educación. |
| 260 |
_aWashington, D.C. : _bUnión Panamericana, _c1958. |
||
| 300 | _a18 h. | ||
| 650 | 4 |
_aEducación _xPlanificación _91146 |
|
| 905 | _aLibro | ||
| 999 |
_c17291 _d17291 |
||